000 00505nam a2200181Ia 4500
001 3574
005 20260306145653.0
008 260306t2010||||xx |||||||||||||| ||spa||
041 _aESP
082 _a289.8
_bM41
100 _aMelé, Doménec
_eAUT
245 0 _aEl desarrollo humano integral:
_bcomentarios interdisciplinares a la encíclica Caritas in Veritate de Benedicto XVI
260 _c2010
300 _a369 páginas :
_c21 cm.
650 _aGEN
654 _aCHU
942 _cLIB
_dJUS
_fJUS
_2ddc
_n
999 _c3574
_d3574